Globalization and crime (Record no. 6173)
[ view plain ]
| 000 -LEADER | |
|---|---|
| fixed length control field | 00492nam a2200193Ia 4500 |
| 020 ## - INTERNATIONAL STANDARD BOOK NUMBER | |
| ISBN | 9871412912907 |
| 082 ## - DEWEY DECIMAL CLASSIFICATION NUMBER | |
| Classification number | 364 AAS-G |
| 100 ## - MAIN ENTRY--AUTHOR NAME | |
| Personal name | Aas, Katja Franko |
| 245 #0 - TITLE STATEMENT | |
| Title | Globalization and crime |
| 260 ## - PUBLICATION, DISTRIBUTION, ETC. (IMPRINT) | |
| Place of publication | Los Angeles |
| Name of publisher | Sage Publications |
| Year of publication | 2007 |
| 300 ## - PHYSICAL DESCRIPTION | |
| Number of Pages | ix, 220 |
| 440 ## - SERIES STATEMENT/ADDED ENTRY--TITLE | |
| Title | Key approaches to criminology |
| 504 ## - BIBLIOGRAPHY, ETC. NOTE | |
| Bibliography, etc | includes index |
| 650 ## - SUBJECT ADDED ENTRY--TOPICAL TERM | |
| Topical Term | Criminology |
| 650 ## - SUBJECT ADDED ENTRY--TOPICAL TERM | |
| Topical Term | Globalisation |
| 650 ## - SUBJECT ADDED ENTRY--TOPICAL TERM | |
| Topical Term | Crime |
| Form subdivision | Cross-cultural studies |
| 700 ## - ADDED ENTRY--PERSONAL NAME | |
| Personal name | Jewkes, Yvonne |
| 942 ## - ADDED ENTRY ELEMENTS (KOHA) | |
| Koha item type | Books |
| Withdrawn status | Lost status | Damaged status | Not for loan | Home library | Current library | Date acquired | Source of acquisition | Bill Date | Full call number | Accession Number | Price effective from | Koha item type |
|---|---|---|---|---|---|---|---|---|---|---|---|---|
| NASSDOC Library | NASSDOC Library | 07/10/2008 | RKB | 2008-09-10 | 364 AAS-G | 44557 | 18/04/2019 | Books |
